<?xml version="1.0" encoding="UTF-8"?>
<record
    xmlns:xsi="http://www.w3.org/2001/XMLSchema-instance"
    xsi:schemaLocation="http://www.loc.gov/MARC21/slim http://www.loc.gov/standards/marcxml/schema/MARC21slim.xsd"
    xmlns="http://www.loc.gov/MARC21/slim">

  <leader>02658cam a2200289 a 4500</leader>
  <controlfield tag="005">20250606065422.0</controlfield>
  <datafield tag="020" ind1=" " ind2=" ">
    <subfield code="a">9781138794306</subfield>
    <subfield code="c">TZS93,477/=</subfield>
  </datafield>
  <datafield tag="040" ind1=" " ind2=" ">
    <subfield code="a">MUL</subfield>
    <subfield code="b">eng</subfield>
    <subfield code="e">AACR</subfield>
  </datafield>
  <datafield tag="082" ind1="0" ind2="0">
    <subfield code="a">338.9 GEO</subfield>
  </datafield>
  <datafield tag="245" ind1="0" ind2="0">
    <subfield code="a">Geographies of development :</subfield>
    <subfield code="b">an introduction to development studies /</subfield>
    <subfield code="c">Robert Potter, Tony Binns, Jennifer A. Elliott, Etienne Nel and David W.Smith</subfield>
  </datafield>
  <datafield tag="250" ind1=" " ind2=" ">
    <subfield code="a">4th ed.</subfield>
  </datafield>
  <datafield tag="260" ind1=" " ind2=" ">
    <subfield code="a">London :</subfield>
    <subfield code="b">Routledge </subfield>
    <subfield code="c">c 2018.</subfield>
  </datafield>
  <datafield tag="300" ind1=" " ind2=" ">
    <subfield code="a">xxii, 636 p. :</subfield>
    <subfield code="b">ill. (some col.) ;</subfield>
    <subfield code="c">27 cm.</subfield>
  </datafield>
  <datafield tag="504" ind1=" " ind2=" ">
    <subfield code="a">Includes bibliographical references (p.557-607) and index.</subfield>
  </datafield>
  <datafield tag="505" ind1="0" ind2=" ">
    <subfield code="a">Pt. I Conceptualising development: changing meanings of development
1.Questioning development
2.Understanding colonialism
3.Theories and strategies of development
4.Globalisation, development and underdevelopment
pt. II Development in practice; components of development
5.People in the development process
6.Resources and the environment
7.Institutions of development
pt. III Spaces of development: places and development
8.Movements and flows
9.Urban spaces
10.Rural spaces
</subfield>
  </datafield>
  <datafield tag="520" ind1=" " ind2=" ">
    <subfield code="a">Now in its fourth edition, Geographies of Development: An Introduction to Development Studies remains a core, balanced and comprehensive introductory textbook for students of Development Studies, Development Geography and related fields. This clear and concise text encourages critical engagement by integrating theory alongside practice and related key topics throughout. It demonstrates informatively that ideas concerning development have been many and varied and highly contested - varying from time to time and from place to place. Clearly written and accessible for students, who have no prior knowledge of development, the book provides the basics in terms of a geographical approach to development what situation is, where, when and why. Over 200 maps, charts, tables, textboxes and pictures break up the text and offer alternative ways of showing the information. The text is further enhanced by a range of pedagogical features: chapter outlines, case studies, key thinkers, critical reflections, key points and summaries, discussion topics and further reading. Geographies of Development continues to be an invaluable introductory text not only for geography students, but also anyone in area studies, international studies and development studies
</subfield>
  </datafield>
  <datafield tag="546" ind1=" " ind2=" ">
    <subfield code="a">eng</subfield>
  </datafield>
  <datafield tag="650" ind1=" " ind2="0">
    <subfield code="a">Economic development.</subfield>
  </datafield>
  <datafield tag="650" ind1=" " ind2="0">
    <subfield code="a">Economic geography.</subfield>
  </datafield>
  <datafield tag="650" ind1=" " ind2="0">
    <subfield code="a">Human geography.</subfield>
  </datafield>
  <datafield tag="700" ind1="1" ind2=" ">
    <subfield code="a">POTTER, R.</subfield>
  </datafield>
  <datafield tag="700" ind1="1" ind2=" ">
    <subfield code="a">BINNS, J.A</subfield>
  </datafield>
  <datafield tag="700" ind1="1" ind2=" ">
    <subfield code="a">NEL, E.</subfield>
  </datafield>
  <datafield tag="700" ind1="1" ind2=" ">
    <subfield code="a">SMITH, D.W</subfield>
  </datafield>
  <datafield tag="856" ind1="4" ind2="1">
    <subfield code="u">http://www.loc.gov/catdir/toc/ecip0813/2008009454.html</subfield>
  </datafield>
  <datafield tag="942" ind1=" " ind2=" ">
    <subfield code="c">BK</subfield>
  </datafield>
  <datafield tag="999" ind1=" " ind2=" ">
    <subfield code="c">10957</subfield>
    <subfield code="d">10957</subfield>
  </datafield>
  <datafield tag="952" ind1=" " ind2=" ">
    <subfield code="0">0</subfield>
    <subfield code="1">0</subfield>
    <subfield code="4">0</subfield>
    <subfield code="7">0</subfield>
    <subfield code="a">MU0001</subfield>
    <subfield code="b">MU0001</subfield>
    <subfield code="d">2025-01-22</subfield>
    <subfield code="e">MAK Solution</subfield>
    <subfield code="l">0</subfield>
    <subfield code="o">338.9 GEO</subfield>
    <subfield code="p">0087089</subfield>
    <subfield code="r">2025-06-06 06:56:09</subfield>
    <subfield code="t">1</subfield>
    <subfield code="w">2025-06-06</subfield>
    <subfield code="y">BK</subfield>
  </datafield>
</record>
